000 00505nam a22001577a 4500
005 20180803143722.0
020 _a8176298190
_c650.00
035 _aB-223541, B-223540, B-223543
037 _aDPL
_bENG
245 _aEconomics in Arthasastra /
_cedited by Raj Kumar Sen and Ratan Lal Basu
260 _aNew Delhi
_bDeep and Deep Publications
_c2006
300 _aix, 310p.
_c20 cms.
700 _aSen, Raj Kumar
_946246
700 _aBasu, Ratan Lal
_946247
942 _2ddc
_cEN
_h330
_mECO
999 _c66030
_d66030